Countries with Nine Letters - Shape Quiz - Statistics

General Stats
  • This quiz has been taken 23 times
    15 since last reset
  • The average score is 11 of 13
Answer Stats
Picture Answer % Correct
Argentina
100%
Australia
100%
Indonesia
100%
Venezuela
100%
Guatemala
92%
Nicaragua
92%
Cape Verde
77%
Costa Rica
77%
East Timor
77%
Lithuania
77%
Singapore
77%
Mauritius
69%
San Marino
62%
No matching quizzes found
Score Distribution
Percent of People with Each Score
Percentile by Number Answered
Your Score History
You have not taken this quiz since the last reset